| 000 | 00961nam a22002897a 4500 | ||
|---|---|---|---|
| 001 | 4775 | ||
| 003 | FISKH | ||
| 005 | 20241010095628.0 | ||
| 008 | 241010b cb ||||| |||| 00| 0 eng d | ||
| 020 | _a9780060835576 | ||
| 040 |
_aFISKH _beng _cFISKH _dFISKH |
||
| 050 | _aPZ7.M462 | ||
| 082 | _a428 | ||
| 100 |
_aMayer, Mercer _d(1943-) |
||
| 245 |
_aJust saving my money / _cBy Mercer Mayer |
||
| 250 | _aFirst edition in 2010 | ||
| 260 |
_aNew York : _bHarper, _c2010. |
||
| 300 |
_a28 pages : _bColor illustrations ; _c23 cm |
||
| 505 | _aG | ||
| 520 | _aWhen Little Critter wants a new skateboard, Dad tells him that he needs to save his own money to buy it. Little Critter tries his very best, but soon finds that saving enough for what he wants isn't so easy. | ||
| 521 | 8 |
_a390L
_bLexile |
|
| 521 | 8 |
_aG
_bRaz-Plus |
|
| 650 |
_2Saving money _aPicture book |
||
| 650 |
_2Responsibility _aFantasy |
||
| 942 |
_2ddc _cBK _n0 |
||
| 999 |
_c4775 _d4775 |
||